| 000 -CABECERA |
| Longitud fija campo de control |
01135nam a2200277 a 4500 |
| 001 - NÚMERO DE CONTROL |
| Número de control |
991010854459706706 |
| 003 - IDENTIFICADOR DEL NÚMERO DE CONTROL |
| Identificador del número de control |
OSt |
| 005 - FECHA Y HORA DE LA ÚLTIMA TRANSACCIÓN |
| Fecha y hora de la última transacción |
20211126125701.0 |
| 008 - CÓDIGOS DE INFORMACIÓN DE LONGITUD FIJA |
| Códigos de información de longitud fija |
940609s1987 spc|||||| o000 ||cat|c |
| 016 ## - NÚMERO DE CONTROL DE UNA AGENCIA BIBLIOGRÁFICA NACIONAL |
| Número de control del registro |
DL B.12704-1987 |
| 035 ## - NÚMERO DE CONTROL DEL SISTEMA |
| Número de control del sistema |
(ES-BaCBU)b27594051-34csuc_network |
| 035 ## - NÚMERO DE CONTROL DEL SISTEMA |
| Número de control del sistema |
(ES-BaCBU).b27594051 |
| 035 ## - NÚMERO DE CONTROL DEL SISTEMA |
| Número de control del sistema |
(ccuc001)b27594051 |
| 040 ## - FUENTE DE LA CATALOGACIÓN |
| Centro catalogador de origen |
ES-BaCBU |
| Lengua de catalogación |
cat |
| Centro transcriptor |
ES-BaCBU |
| Centro modificado |
CDMR |
| 080 ## - NÚMERO DE LA CLASIFICACIÓN DECIMAL UNIVERSAL |
| Número de la Clasificación Decimal Universal |
070 (460.235 PeA St Sadurní d' Anoia) "1887/1987" |
| 100 1# - PUNTO DE ACCESO PRINCIPAL-NOMBRE DE PERSONA |
| Nombre de persona |
Querol i Rovira, Carles |
| 245 10 - MENCIÓN DE TÍTULO |
| Título |
Un segle de premsa : |
| Resto del título |
Sant Sadurní d' Anoia : 1887-1987 / |
| Mención de responsabilidad, etc. |
Carles Querol i Rovira |
| 260 ## - PUBLICACIÓN, DISTRIBUCIÓN, ETC. (PIE DE IMPRENTA) |
| Lugar de publicación, distribución, etc. |
Sant Sadurní d' Anoia : |
| Nombre del editor, distribuidor, etc. |
Conselleria d' Ensenyament i Cultura de l 'Ajuntament de Sant Sadurní d' Anoia, |
| Fecha de publicación, distribución, etc. |
1987 |
| 300 ## - DESCRIPCIÓN FÍSICA |
| Extensión |
127 p. : |
| Otras características físicas |
il.; |
| Dimensiones |
28 cm |
| 490 ## - MENCIÓN DE SERIE |
| Mención de serie |
Publicacions de l'Ajuntament de Sant Sadurní d'Anoia; |
| Designación de volumen o secuencia |
7 |
| 650 #0 - PUNTO DE ACCESO ADICIONAL DE MATERIA - TÉRMINO DE MATERIA |
| 9 (RLIN) |
1545 |
| Término de materia o nombre geográfico como elemento inicial |
Premsa |
| Subdivisión geográfica |
Sant Sadurní d'Anoia |
| Subdivisión de materia general |
Història |
| Subdivisión cronológica |
1887-1987 |
| 710 1# - PUNTO DE ACCESO ADICIONAL - NOMBRE DE ENTIDAD |
| Nombre de entidad o nombre de jurisdicción como elemento inicial |
Sant Sadurní d'Anoia (Catalunya). |
| Unidad subordinada |
Ajuntament. |
| -- |
Conselleria d' Ensenyament i Cultura |
| 907 ## - ELEMENTO G DATOS LOCALES, GDL (RLIN) |
| a |
.b27594051 |
| b |
24-03-20 |
| c |
08-05-08 |
| d |
09-06-94 |
| e |
m |
| f |
a |
| g |
- |
| h |
cat |
| i |
spc |
| j |
0 |
| k |
1 |
| 908 ## - CONTROL DE PARÁMETROS (RLIN) |
| Parametro de comando lanzado |
AHCB |
| 942 ## - ENTRADA DE ELEMENTOS AGREGADOS (KOHA) |
| Fuente de clasificaión o esquema |
|
| Koha [por defecto] tipo de item |
Monografies |